Logic as a human instrument, (Record no. 767)

MARC details
000 -LEADER
fixed length control field 00765cam a22002651 4500
001 - CONTROL NUMBER
control field 9817567
003 - CONTROL NUMBER IDENTIFIER
control field GBCCL
005 - DATE AND TIME OF LATEST TRANSACTION
control field 20241126110345.0
008 - FIXED-LENGTH DATA ELEMENTS--GENERAL INFORMATION
fixed length control field 720803s1959 nyua b 000 0 eng
010 ## -
-- 58011583
035 ## - SYSTEM CONTROL NUMBER
System control number (OCoLC)372967
040 ## - CATALOGING SOURCE
Original cataloging agency DLC
Transcribing agency ODaWU
Modifying agency OCoLC
-- DLC
042 ## -
-- premarc
050 00 -
-- BC108
-- .P28
082 ## - DEWEY DECIMAL CLASSIFICATION NUMBER
Classification number 160
Item number PAR
100 1# - MAIN ENTRY--PERSONAL NAME
Personal name Parker, Francis H.
9 (RLIN) 1072
245 10 - TITLE STATEMENT
Title Logic as a human instrument,
Statement of responsibility, etc. by Francis H. Parker and Henry B. Veatch.
260 ## - PUBLICATION, DISTRIBUTION, ETC.
Place of publication, distribution, etc. New York,
Name of publisher, distributor, etc. Harper
Date of publication, distribution, etc. [1959]
300 ## - PHYSICAL DESCRIPTION
Extent 422 p.
Other physical details illus.
Dimensions 25 cm.
504 ## - BIBLIOGRAPHY, ETC. NOTE
Bibliography, etc. note Includes bibliography.
650 #0 - SUBJECT ADDED ENTRY--TOPICAL TERM
Topical term or geographic name entry element Logic.
9 (RLIN) 1073
700 1# - ADDED ENTRY--PERSONAL NAME
Personal name Veatch, Henry Babcock,
Relator term joint author.
9 (RLIN) 1074
906 ## - LOCAL DATA ELEMENT F, LDF (RLIN)
a 7
b cbc
c oclcrpl
d u
e ncip
f 19
g y-gencatlg
942 ## - ADDED ENTRY ELEMENTS (KOHA)
Source of classification or shelving scheme Dewey Decimal Classification
Koha item type Books
Holdings
Withdrawn status Lost status Source of classification or shelving scheme Damaged status Not for loan Home library Current Library Shelving location Date acquired Total checkouts Full call number Barcode Date last seen Copy number Price effective from Koha item type
    Dewey Decimal Classification     GRACE BIBLE COLLEGE GRACE BIBLE COLLEGE Philosophy and Religion 2017-03-15   160 PAR 000341 2025-05-01 c.1 2017-03-15 Books
© Grace Bible College Library 2025